Normal view
MARC view
- عبداللة ،ياووزشفيق / م مشارك عادل الكناني
Entry Personal Name
001 - CONTROL NUMBER
- control field: 13012
003 - CONTROL NUMBER IDENTIFIER
- control field: JO-AjAnu
005 - DATE AND TIME OF LATEST TRANSACTION
- control field: 20230606072401.0
008 - FIXED-LENGTH DATA ELEMENTS
- fixed length control field: 230606|| aca||aabn | a|a d
040 ## - CATALOGING SOURCE
- Original cataloging agency: JO-AjAnu
- Transcribing agency: JO-AjAnu
100 ## - HEADING--PERSONAL NAME
- Personal name: عبداللة ،ياووزشفيق / م مشارك عادل الكناني
670 ## - SOURCE DATA FOUND
- Source citation: Work cat.: (JO-AjAnu)6695: عبداللة ،ياووزشفيق / م مشارك عادل الكناني , author, مشاتل الغابات لطلبة الصف الرابع :غابات